000 00685nam a2200145 a 4500
008 120416s1987 ||||||||||||||||| || u
050 _aTH 1101 Bur
100 _aBurchell, J
245 1 0 _aDesign and build in timber frame
260 _aHarlow
_bLongman Scientific & Technical
_c1987
300 _a[viii], 78p. : ill.
350 _a0.00
995 _aMAIN LIBRARY OPEN ACCESS
_D0.00
_e722046
_FCBU-MAIN LIBRARY (Kitwe)
_H1
_I30.80
_jTH 1101 Bur
_M1
_UAVAILABLE
_WJul 10, 2006
_y015294
_ZMain Library Open Access Collection
995 _aMAIN LIBRARY OPEN ACCESS
_D0.00
_e712327
_FCBU-MAIN LIBRARY (Kitwe)
_H2
_I30.80
_jTH 1101 Bur
_M2
_UAVAILABLE
_WJul 17, 2006
_y015295
_ZMain Library Open Access Collection
999 _c63434
_d63434